000 00406pam a2200169a 44500
008 230405s1993 xxu||||| |||| 00| 0 eng d
041 _aENG
100 _aProf.Jose Paul
245 _aAn Introduction to Export Management
250 _a1
260 _a
_bHimalaya Publishing House
_c1993
300 _a191P,22cms
440 _a150
690 _aIMRDA
700 _aMs.N.Radhakrishnan
906 _a817
999 _c253676
_d253676